La evaluación, un punto de partida para mejorar la práctica : nivel inicial /

Guardado en:
Autor Principal: Méndez de Seguí, María Fernanda
Otros Autores: Córdoba, Claudia
Formato: Libro
Publicado: Haedo : Kimeln, 2007
Series:Evaluación
Materias:
Etiquetas: Agregar Etiqueta
Sin Etiquetas, Sea el primero en etiquetar este registro!
LEADER 01000nam a22002295a 4500
001 CEM.cems012900
005 20080606124953.0
008 130507s2007##################000#0#####d
003 CEMS
020 |a 9789872295646 
082 0 4 |a 372.21 
100 1 |a Méndez de Seguí, María Fernanda 
245 1 0 |a La evaluación, un punto de partida para mejorar la práctica :  |b nivel inicial /  |c María Fernanda Méndez de Seguí, Claudia Córdoba 
260 |a Haedo :  |b Kimeln,  |c 2007 
300 |a 178 p. 
490 0 |a Evaluación 
505 0 |a Hablemos de evaluación -- La evaluación en la escuela -- Aspectos metodológicos del acto de evaluar -- La evaluación del alumno -- Instrumentos y técnicas de evaluación -- El legajo del alumno -- Comunicación con los padres -- Autoevaluación de la propia tarea 
653 |a Educación 
653 |a Educación inicial 
653 |a Evaluación-educación inicial 
700 1 |a Córdoba, Claudia 
859 |a CEMS  |b BIB. CEMS - 11 de abril  |h 372.21  |i M523  |p 25178.08  |t Ej.1